书目信息 |
| 题名: |
自然保护区建设与管理
|
|
| 作者: | 王献溥 , 崔国发 编著 | |
| 分册: | ||
| 出版信息: | 北京 化学工业出版社 2003.04 |
|
| 页数: | 420页 | |
| 开本: | 20cm | |
| 丛书名: | ||
| 单 册: | ||
| 中图分类: | S759.9 | |
| 科图分类: | ||
| 主题词: | 森林经营 , 森林--计测学 , 森林经理 , 林业经营 | |
| 电子资源: | ||
| ISBN: | 7-5025-4381-3 | |
| 000 | 00698nam0 2200241 45 | |
| 001 | 0437487389 | |
| 005 | 2004042810244609 | |
| 010 | @a7-5025-4381-3@dCNY 32.00 | |
| 100 | @a20040428d2003 km y0chiy0120 ea | |
| 101 | 0 | @achi |
| 102 | @aCN@b110000 | |
| 200 | 1 | @a自然保护区建设与管理@AZi Ran Bao Hu Qu Jian She Yu Guan Li@f王献溥,崔国发编著@Fwang xian pu,cui guo fa bian zhu |
| 210 | @a北京@c化学工业出版社@d2003.04 | |
| 215 | @a420页@d20cm | |
| 606 | 0 | @a森林经营 |
| 606 | 0 | @a森林@x计测学 |
| 606 | 0 | @a森林经理 |
| 606 | 0 | @a林业经营 |
| 690 | @aS759.9@v3 | |
| 701 | 0 | @a王献溥@Awang xian pu@4编著 |
| 701 | 0 | @a崔国发@Acui guo fa@4编著 |
| 801 | 0 | @aCN@bPFT@c20040428 |
| 905 | @dS759.9@eW380 | |
| 自然保护区建设与管理/王献溥,崔国发编著.-北京:化学工业出版社,2003.04 |
| 420页;20cm |
| ISBN 7-5025-4381-3:CNY 32.00 |
| ● |
| 相关链接 |
|
|
|
正题名:自然保护区建设与管理
索取号:S759.9/W380
 
预约/预借
| 序号 | 登录号 | 条形码 | 馆藏地/架位号 | 状态 | 备注 |
| 1 | 391403 | 203914032 | 自科库401/401自科库 1排2列3层/ [索取号:S759.9/W380] | 在馆 | |
| 2 | 391404 | 203914041 | 自科库401/401自科库 1排2列3层/ [索取号:S759.9/W380] | 在馆 | |
| 3 | 391405 | 203914050 | 自科库401/401自科库 1排2列3层/ [索取号:S759.9/W380] | 在馆 |